The Only Country That Borders... #2 - Statistics

General Stats
  • This quiz has been taken 37 times
  • The average score is 19 of 20
Answer Stats
Hint Answer % Correct
Vietnam & North Korea China
100%
Denmark & Netherlands Germany
100%
Belize & El Salvador Guatemala
100%
Bhutan & Myanmar India
100%
Russia & Uzbekistan Kazakhstan
100%
Germany & Russia Poland
100%
Kosovo & Romania Serbia
100%
Russia & Moldova Ukraine
100%
Togo & Nigeria Benin
97%
Greece & Romania Bulgaria
97%
Slovenia & Croatia Hungary
97%
Kuwait & Syria Iraq
97%
Somalia & Uganda Kenya
97%
Albania & Bosnia Montenegro
97%
Lesotho & Zimbabwe South Africa
97%
Lebanon & Turkey Syria
97%
Gambia & Mauritania Senegal
94%
Armenia & Greece Turkey
94%
Angola & Malawi Zambia
94%
Liberia & Burkina Faso Ivory Coast
90%
No matching quizzes found
Score Distribution
Percent of People with Each Score
Percentile by Number Answered
Your Score History
You have not taken this quiz